|
|
|
|
| LEADER |
00000nam a22000007a 4500 |
| 005 |
20130117153517.0 |
| 007 |
cr|||| |||| |
| 008 |
130117e2010 sp |||||s|||| 00||0 spa d |
| 020 |
|
|
|a 978-84-8004-993-1
|
| 035 |
|
|
|a 6933
|
| 040 |
|
|
|a vLex
|
| 090 |
|
|
|c 3532
|d 3532
|
| 100 |
1 |
0 |
|a Kahale Carrillo, Djamil Tony
|
| 245 |
1 |
3 |
|a El Derecho de asilo frente a la violencia de gňero
|h [Recurso electrn̤ico]
|
| 256 |
|
|
|a Servicio en ln̕ea
|
| 260 |
|
|
|a Madrid :
|b Editorial Universitaria Ramn̤ Areces,
|c 2010
|
| 300 |
|
|
|a 1 Recurso electrn̤ico
|
| 650 |
0 |
4 |
|a Violencia de gňero
|
| 740 |
|
|
|a vLex Libros (Servicio en ln̕ea)
|
| 856 |
|
|
|a Acceso restringido
|u http://www.vlex.com/source/6933
|
| 942 |
|
|
|c BOOK
|